AZ Alkmaar Best Scorer By Year - Statistics

General Stats
  • This quiz has been taken 106 times
    23 since last reset
  • The average score is 8 of 38
Answer Stats
Player % Correct
Vangelis Pavlidis
83%
Troy Parrott
78%
Myron Boadu
56%
Kees Kist
50%
Wout Weghorst
50%
Vincent Janssen
44%
Alireza Jahanbakhsh
39%
Guus Til
33%
Shota Arveladze
33%
Jozy Altidore
28%
Mounir El Hamdaoui
28%
Ari
22%
Danny Koevermans
22%
Kenneth Pérez
22%
Kurt Welzl
22%
Pier Tol
22%
Teun Koopmeiners
22%
Kristen Nygaard
17%
Nemanja Gudelj
17%
Aron Jóhannsson
11%
Sigi Lens
11%
Steven Berghuis
11%
Ali Elkhattabi
6%
Arnold Oosterveer
6%
David Loggie
6%
Dick Twisk
6%
Gerard Vredenburg
6%
John Bosman
6%
Kolbeinn Sigþórsson
6%
Krzysztof Bociek
6%
Michel Langerak
6%
Peter Wijker
6%
Piet Buis
6%
Rick Talan
6%
Robin Nelisse
6%
Siem Tijm
6%
Tibor Lőrincz
6%
Wim de Jager
6%
No matching quizzes found
Score Distribution
Percent of People with Each Score
Percentile by Number Answered
Your Score History
You have not taken this quiz since the last reset